000 00668nam a2200241Ia 4500
005 20260121113214.0
008 12133 260114s9999 xx 000 0 eng d
020 _a9789814540506
037 _aEBOOK
040 _aCRL
_beng
_cCRL
041 _aeng
_2eng
084 _qCRL
100 _aKodama T Et Al
_9969888
245 0 _aRelativistic Aspects of Nuclear Physics - Rio De Janeiro International Workshop
260 _bWorld Scientific
260 _bWSPC
260 _c1990
650 _aPhysics
_9969889
856 _uhttps://www.worldscientific.com/worldscibooks/10.1142/1083#t=toc
942 _cEBOOK
999 _c1549433
_d1549433